000
00205 a2200097 4500
001
2915
100
_a
Hodgkin, R.A.
245
_a
Playing & exploring
260
_a
_b
Methuen Press
_c
090
_c
2208
_d
2208
942
_a
NUST-CAE
_c
M
_c
13425
999
_c
237988
_d
237988